Pays où la religion principale n'est ni le christianisme ni l'islam - Statistiques

Statistiques générales
  • Ce quiz a été pris 207 fois
  • Le résultat moyen est 12 sur 16
Statistiques - réponses
Pays Religion principale % Correct
Inde Hindouisme
100%
Chine Bouddhisme
93%
Israël Judaïsme
93%
Vietnam Bouddhisme
86%
Japon Bouddhisme
83%
Népal Hindouisme
82%
Sri Lanka Bouddhisme
82%
Thaïlande Bouddhisme
82%
Cambodge Bouddhisme
77%
Laos Bouddhisme
77%
Bhoutan Bouddhisme
76%
Mongolie Bouddhisme
72%
Corée du Nord Cheondoïsme
71%
Birmanie Bouddhisme
70%
Singapour Bouddhisme
51%
Maurice Hindouisme
16%
Aucun quiz correspondant
Distribution des résultats
% des personnes avec chaque résultat
Percentile par nombre de réponses
Votre historique - résultats
Vous n’avez pas pris ce quiz